Asian Inventions - Sudden Death - Statistics

General Stats
  • This quiz has been taken 77 times
  • The average score is 24 of 50
Answers on the Grid
Answers color-coded by a green-red scale on the quiz's grid according to % correct below.
Paper
Steam engine
Telephone
Chess
Television
Tai chi
Algebra
Parachute
Basketball
Elevator
Wushu
Tabla
Guillotine
Snowboard
Yoga
Barometer
Motorcycle
Oud
Lawn mower
Bicycle
Yurt
Gunpowder
Sitar
Laser
Instant noodles
Piano
Muay Thai
Radio
Saxophone
Tea
Rugby
Stethoscope
Fax
Jet Ski
Compass
Microwave
Judo
Barcode
Golf
Shogi
Radar
QR code
Joystick
Shamisen
Taekwondo
Penicillin
Taser
Ruler
Karate
Skateboard
Haiku
Volleyball
Acupuncture
Walkman
Clarinet
Mahjong
Corset
Bonsai
Telescope
Firecracker
Sumo
Dombra
Tractor
Manga
Feng shui
Tennis
Chopsticks
Frisbee
Silk
Typewriter
Backgammon
Sari
Banjo
Email
Credit card
Porcelain
Kimono
Helicopter
Internet
USB flash drive
Tatami
Submarine
Baseball
Hoodie
Anime
Katana
Contact lens
Hanbok
Electric guitar
Crossbow
Shadow play
Car
Dynamite
Kite
Airplane
Pagoda
Microscope
X-ray
Origami
Fireworks
 
Answer Stats
Answer % Correct
Paper
80%
Tai chi
80%
Judo
67%
Algebra
64%
Taekwondo
64%
Wushu
64%
Yoga
64%
Karate
62%
Sumo
62%
Feng shui
60%
Shogi
60%
Acupuncture
58%
Bonsai
58%
Kimono
58%
Muay Thai
58%
Tea
58%
Chess
56%
Chopsticks
56%
Gunpowder
56%
Katana
56%
Haiku
53%
Mahjong
53%
Origami
53%
Silk
53%
Yurt
53%
Anime
51%
Instant noodles
51%
Manga
51%
Sitar
51%
Pagoda
47%
Porcelain
47%
Tatami
47%
Sari
44%
Shamisen
44%
Fireworks
42%
Firecracker
38%
Hanbok
38%
Oud
38%
Tabla
38%
Kite
33%
Backgammon
31%
Walkman
31%
Dombra
29%
Compass
27%
QR code
22%
Shadow play
20%
Crossbow
11%
USB flash drive
9%
Ruler
7%
Jet Ski
0%
No matching quizzes found
Score Distribution
Percent of People with Each Score
Percentile by Number Answered
Your Score History
You have not taken this quiz